[Event "Olympiad Women-42"]
[Site "Baku"]
[Date "2016.09.08"]
[Round "6.2"]
[White "Omurbekova, Diana"]
[Black "Sotomayor Villatoro, Silvi"]
[Result "1-0"]
[WhiteElo "1868"]
[BlackElo "1876"]
[PlyCount "53"]
[EventDate "2016.09.02"]
[EventType "team-swiss"]
[EventRounds "11"]
[EventCountry "AZE"]
[SourceTitle "CBM 174 Extra"]
[Source "ChessBase"]
[SourceDate "2016.10.10"]
[SourceVersion "1"]
[SourceVersionDate "2016.10.10"]
[SourceQuality "1"]
[WhiteTeam "Kyrgyzstan (W)"]
[BlackTeam "Guatemala (W)"]
[WhiteTeamCountry "KGZ"]
[BlackTeamCountry "GUA"]

1. e4 c5 2. Nf3 e6 3. d3 d5 4. Nbd2 Nc6 5. g3 Nf6 6. Bg2 Be7 7. 0-0 0-0 8. e5 Nd7 9. Re1 Re8 10. Nf1 b5 11. Bf4 a5 12. h4 b4 13. N1h2 a4 14. a3 bxa3 15. bxa3 Rb8 16. Ng5 Bxg5 17. hxg5 Ne7 18. Qh5 Nf5 19. Ng4 Rb6 20. Bf3 Nd4 21. Bd1 Qe7 22. Kg2 Bb7 23. Rh1 Nf8 24. Nf6+ gxf6 25. gxf6 Qc7 26. Qg5+ Ng6 27. Qh6 1-0

[Event "Olympiad Women-41"]
[Site "Tromsoe"]
[Date "2014.08.11"]
[Round "9.1"]
[White "Tuominen, Tanja"]
[Black "Sotomayor Villatoro, Silvi"]
[Result "1-0"]
[WhiteElo "2103"]
[BlackElo "1943"]
[PlyCount "45"]
[EventDate "2014.08.02"]
[EventType "team-swiss"]
[EventRounds "11"]
[EventCountry "NOR"]
[SourceTitle "CBM 162"]
[Source "ChessBase"]
[SourceDate "2014.09.17"]
[SourceVersion "1"]
[SourceVersionDate "2014.09.17"]
[SourceQuality "1"]
[WhiteTeam "Finland (W)"]
[BlackTeam "Guatemala (W)"]
[WhiteTeamCountry "FIN"]
[BlackTeamCountry "GUA"]

1. e4 c5 2. Nf3 e6 3. c3 d5 4. exd5 Qxd5 5. d4 Nc6 6. Be2 Nf6 7. Na3 Bd7 8. Nb5 Rc8 9. Bf4 Kd8 10. Ng5 Be8 11. c4 Qd7 12. dxc5 Bxc5 13. Bd6 Nd4 14. Bxc5 Rxc5 15. Qxd4 Rxg5 16. Qf4 Rf5 17. Qb8+ Ke7 18. Rd1 Qc6 19. Nd4 Qb6 20. Nxf5+ exf5 21. 0-0 Rg8 22. Qe5+ Qe6 23. Qc5+ 1-0

[Event "Olympiad Women-41"]
[Site "Tromsoe"]
[Date "2014.08.05"]
[Round "4.1"]
[White "Sotomayor Villatoro, Silvi"]
[Black "Milligan, Helen"]
[Result "1/2-1/2"]
[WhiteElo "1943"]
[BlackElo "1938"]
[PlyCount "104"]
[EventDate "2014.08.02"]
[EventType "team-swiss"]
[EventRounds "11"]
[EventCountry "NOR"]
[SourceTitle "CBM 162"]
[Source "ChessBase"]
[SourceDate "2014.09.17"]
[SourceVersion "1"]
[SourceVersionDate "2014.09.17"]
[SourceQuality "1"]
[WhiteTeam "Guatemala (W)"]
[BlackTeam "New Zealand (W)"]
[WhiteTeamCountry "GUA"]
[BlackTeamCountry "NZL"]

1. d4 Nf6 2. e3 d6 3. Bd3 g6 4. f4 Bg7 5. Nf3 c5 6. 0-0 Nc6 7. c3 0-0 8. Bc2 e6 9. Qe2 Qc7 10. dxc5 dxc5 11. e4 b6 12. Ng5 Bb7 13. Nd2 h6 14. e5 hxg5 15. exf6 Bxf6 16. Ne4 Bg7 17. fxg5 Be5 18. h3 Kg7 19. Qf2 Rh8 20. Bf4 Bxf4 21. Qxf4 Qxf4 22. Rxf4 Rad8 23. Raf1 Ne5 24. Nf6 Rd2 25. R1f2 Rxf2 26. Rxf2 Rd8 27. Kh2 Kf8 28. Kg3 Ke7 29. h4 Nd3 30. Bxd3 Rxd3+ 31. Kg4 Rd1 32. Ng8+ Ke8 33. Nh6 Rd7 34. Kf4 Rd5 35. g4 e5+ 36. Ke3 Rd7 37. h5 c4 38. Ng8 Rd3+ 39. Ke2 gxh5 40. gxh5 Rh3 41. h6 Kf8 42. Nf6 Ke7 43. h7 Ke6 44. Rf1 Bg2 45. Rg1 Bf3+ 46. Ke1 e4 47. Kf2 Kf5 48. Rg3 Rh2+ 49. Ke3 Rh1 50. Rg1 Rh3 51. Rg3 Rh1 52. Rg1 Rh3 1/2-1/2